000 08788njm0a2200685 4500
001 RU\NLR\ONIZ\265733
005 20250708193350.0
035 _a(NLR Aleph) 012758194
071 0 0 _aМ60-46673-4
090 _a13284459
_c13284459
100 _a20220403d1985 |||y0rusy50 ca
102 _aRU
126 _aabaxexu ux
_bxxx
127 _a000038
135 _ahonoannnanndn
200 1 _aОдин только ты
_bЗвукозапись
_eтанцевальная музыка 30-х годов
_fисполняет : Арти Шоу, кларнет, и его оркестр
203 _aМузыка
_bисполнительская
_cаудио
210 _aМосква
_cМелодия
_d1985
_gЗавод грампластинок
_eЛенинград
215 _a1 грп. [ГОСТ 5289-80] (38 мин) : 33 об/мин, моно
_d30 см, в конв
300 _aАрх. записи
325 _aКопия доступна в электронной библиотеке РНБ
327 1 _a1. Один только ты / А. Джонс.
_a2. Всё это ты / Дж. Керн - О. Хаммерстайн ; исполняет : Эллен Форест.
_a3. Начало танца / К. Портер.
_a4. Танцуя в темноте / А. Шварц, Х. Дитс.
_a5. Над заливом / А. Шоу.
_a6. Тёмно-лиловый / Де Розе ; исполняет : Эллен Форест.
_a7. Твоё сердце / Де Сильва.
_a8. Песня любви / Р. Фримль, Г. Стотгарт ; исполняет : Тони Пэстор.
_a9. В старое время / А. Шоу ; исполняет : Билли Холидей.
_a10. Ослиная серенада / Р. Фримль, Г. Стотгарт.
_a11. Ночь и день / К. Портер.
_a12. Искушение / Н. Браун.
_a13. Лунный свет / Де Ланж, У. Хадсон
464 0 _12001#$aОдин только ты$fА. Джонс
_1700#1$9z01790$aДжонс$bА.$cкомпозитор$4230$7ca
_1790#1$9z01700$aJones$bA.$ccomposer$4230$7ba
_tОдин только ты
_aДжонс, А. (композитор)
464 0 _12001#$aВсё это ты$fДж. Керн - О. Хаммерстайн$gисполняет : Эллен Форест
_16890#$aЩ943.4-041.5(7США)
_1700#1$9z01790$aКерн$bД.$gДжером$f1885-1945$4230$7ca
_1702#1$9z03790$aХаммерстайн II$bО.$gОскар$cпоэт$f1895–1960$4520$7ba
_1702#1$9z04790$aФоррест$bХ.$gХелен$cпени$f1917-1999$4590$4vwo$7ca
_1790#1$9z01700$aKern$bJ.$gJerome$f1885-1945$4230$7ba
_1790#1$9z03702$aHammerstein II$bO.$gOscar$f1895–1960$4520$7ba
_1790#1$9z04702$aForrest$bH.$gHelen$f1917-1999$4590$4vwo$7ba
_tВсё это ты
_aКерн, Джером (1885-1945)
464 0 _12001#$aНачало танца$fК. Портер
_1700#1$9z01790$aПортер$bК.$gКоул$f1891-1964$4230$7ca
_1790#1$9z01700$aPorter$bC.$gCole$f1891-1964$4230$7ba
_tНачало танца
_aПортер, Коул (1891-1964)
464 0 _12001#$aТанцуя в темноте$fА. Шварц, Х. Дитс
_1700#1$9z01790$aШварц$gАртур$cкомпозитор$f1900-1984$4230$7ca
_1702#1$9z02790$aДитц$bХ.$gХовард$cпоэт$f1896-1983$4520$7ca
_1790#1$9z01700$aSchwartz$bA.$gArthur$f1900-1984$4230$7ba
_1790#1$9z02702$aDietz$bH.$gHoward$f1896-1983$4520$7ba
_tТанцуя в темноте
_aШварц, Артур (композитор ; 1900-1984)
464 0 _12001#$aНад заливом$fА. Шоу
_1700#1$9z01790$aШоу$bА.$gАрти$cкларнет$f1910-2004$4230$7ca
_1790#1$9z01700$aShaw$bA.$gArtie$cklarinet$f1910-2004$4230$7ba
_tНад заливом
_aШоу, Арти (кларнет ; 1910-2004)
464 0 _12001#$aТёмно-лиловый$fДе Розе$gисполняет : Эллен Форест
_16061#$aПесни эстрадные для голоса и джазового оркестра$yСША$z20 век$jЗвукозапись$2nlr_sh
_16890#$aЩ943.4-041.5(7США)
_1700#1$9z02790$aДе Розе$bП.$gПитер$cкомпозитор$f1900-1953$4230$7ca
_1702#1$9z01790$aФоррест$bХ.$gХелен$cпени$f1917-1999$4590$4vwo$7ca
_1790#1$9z01702$aForrest$bH.$gHelen$f1917-1999$4590$4vwo$7ba
_1790#1$9z02700$aDeRose$bP.$gPeter$f1900-1953$4230
_tТёмно-лиловый
_aДе Розе, Питер (композитор ; 1900-1953)
464 0 _12001#$aТвоё сердце$fДе Сильва
_1700#1$9z01790$aДе$gСильва$cкомпозитор$4230$7ca
_1790#1$9z01700$aDe Silva$ccomposer$4230$7ba
_tТвоё сердце
_aДе, Сильва (композитор)
464 0 _12001#$aПесня любви$fР. Фримль, Г. Стотгарт$gисполняет : Тони Пэстор
_16890#$aЩ943.4-041.5(7США)
_1700#1$9z01790$aФримль$bЧ. Р.$gЧарльз Рудольф$f1879-1972$4230$7ca
_1702#1$9z01790$aСтотгарт$bГ.$gГерберт$cкомпозитор$f1885-1949$4230$7ca
_1702#1$9z02790$aПастор$bТ.$gТони$cпение$4590$4vma$7ca
_1790#1$9z01700$aFriml$bCh. R.$gCharles Rudolf$f1879-1972$4230$7ba
_1790#1$9z01702$aStothart$bH.$gHerbert$f1885-1949$4230$7ba
_1790#1$9z02702$aPastor$bT.$gTony$4590$4vma$7ba
_tПесня любви
_aФримль, Чарльз Рудольф (1879-1972)
464 0 _12001#$aВ старое время$fА. Шоу$gисполняет : Билли Холидей
_16890#$aЩ943.4-041.5(7США)
_1700#1$9z01790$aШоу$bА.$gАрти$cкларнет$f1910-2004$4230$7ca
_1702#1$9z02790$aХолидей$bБ.$gБилли$cпение$f1915-1959$4590$4vwo$7ca
_1790#1$9z01700$aShaw$bA.$gArtie$cklarinet$f1910-2004$4230$7ba
_1790#1$9z02702$aHoliday$bB.$gBillie$f1915-1959$4590$4vwo$7ba
_tВ старое время
_aШоу, Арти (кларнет ; 1910-2004)
464 0 _12001#$aОслиная серенада$fР. Фримль, Г. Стотгарт
_1700#1$9z01790$aФримль$bЧ. Р.$gЧарльз Рудольф$f1879-1972$4230$7ca
_1702#1$9z02790$aСтотгарт$bГ.$gГерберт$cкомпозитор$f1885-1949$4230$7ca
_1790#1$9z01700$aFriml$bCh. R.$gCharles Rudolf$f1879-1972$4230$7ba
_1790#1$9z02702$aStothart$bH.$gHerbert$f1885-1949$4230$7ba
_tОслиная серенада
_aФримль, Чарльз Рудольф (1879-1972)
464 0 _12001#$aНочь и день$fК. Портер
_1700#1$9z01790$aПортер$bК.$gКоул$f1891-1964$4230$7ca
_1790#1$9z01700$aPorter$bC.$gCole$f1891-1964$4230$7ba
_tНочь и день
_aПортер, Коул (1891-1964)
464 0 _12001#$aИскушение$fН. Браун
_1700#1$9z01790$aБраун$bН. Х.$gНасио Херб$cкомпозитор$f1896-1964$4230$7ca
_1790#1$9z01700$aBrown$bN. H.$gNacio Herb$ccomposer$f1896-1964$4230
_tИскушение
_aБраун, Насио Херб (композитор ; 1896-1964)
464 0 _12001#$aЛунный свет$fДе Ланж, У. Хадсон
_1700#1$9z02790$aХадсон$bУ.$gУилл$cкомпозитор$f1908-1981$4230$7ca
_1702#1$9z01790$aДе Ланж$bЭ. (.$gЭдди (Эдгар)$f1904-1949$4520$7ca
_1790#1$9z01702$aDeLange$bE. (.$gEddie (Edgar)$f1904-1949$4520$7ba
_1790#1$9z02700$aHudson$bW.$gWill$ccomposer$f1908-1981$4230$7ba
_tЛунный свет
_aХадсон, Уилл (композитор ; 1908-1981)
606 1 _aКларнетисты американские джазовые
_z20 век
_jЗвукозапись
_2nlr_sh
606 1 _aДжазовые оркестры
_yСША
_z20 век
_jЗвукозапись
_2nlr_sh
606 1 _aМузыка джазовая для кларнета
_yСША
_z20 век
_jЗвукозапись
_2nlr_sh
606 1 _aПесни эстрадные для голоса и джазового оркестра
_yСША
_z20 век
_jЗвукозапись
_2nlr_sh
686 0 _aЩ951.83-085я43(7США)
686 0 _aЩ957.25, 8(3)
700 1 _9z02790
_aШоу
_bА.
_cкларнет
_f1910-2004
_gАрти
_4590
_4wcl
_7ca
790 1 _9z02700
_aShaw
_bA.
_cklarinet
_f1910-2004
_gArtie
_4590
_4wcl
_7ba
801 0 _aRU
_bNLR
_c20220403
_gPSBO
801 1 _aRU
_bNLR
_c20220403
_2rusmarc
801 2 _aRU
_bNLR
_c20230710
852 _aNLR
_bМг
_j3/7931
_p36083
_t1
852 _aNLR
_bМг
_j3/7931а
_p36084
_t2
852 _aNLR
_bМг
_j3/7931б
_p36085
_t3
852 _aNLR
_bМг
_j3/8995
_p41119
_t4
856 0 _uhttps://vivaldi.nlr.ru/mk000001065/view
856 1 _uhttps://vivaldi.nlr.ru/mk000001065/cover
856 2 _uhttps://vivaldi.nlr.ru/mk000001065/text
942 _cREC
980 _aNB
980 _aONIZ
981 2 4 _a(24) Нотные издания и аудиозаписи
_b(24) Грампластинки